| 000 | 00436cam a22001337a 4500 | ||
|---|---|---|---|
| 008 | 180718b1979 xxu||||| |||| 00| 0 eng d | ||
| 082 | _aB135x54 B556 | ||
| 100 | _aBjorkman, James Warner | ||
| 245 |
_aPolitics of administrative alienation in India's rural development programs _cby James Warner Bjorkman |
||
| 260 |
_aDelhi _bAjanta _c1979 |
||
| 300 | _a368p. | ||
| 650 | _aRural development - India | ||
| 650 | _aSociology, rural - India | ||
| 999 |
_c342164 _d342164 |
||